| 000 | 01230nam a22001937a 4500 | ||
|---|---|---|---|
| 005 | 20260409134406.0 | ||
| 008 | 260409b |||||||| |||| 00| 0 eng d | ||
| 020 | _a(hbk) | ||
| 040 | _cUE-CL | ||
| 082 |
_a801.4 _bM7204 |
||
| 245 |
_aModern essays in criticism _c/ Edited by: A.S cairncross |
||
| 260 |
_aLondon: _bMacmillan and co., limited, _c1938 |
||
| 300 | _a301 P. | ||
| 505 | _aChaucer Aldous Huxley Francis Bacon: Words for Princes G. Tillotson Shakespeare as Man of the Theatre J. Isaacs The Merchant of Venice H. Granville-Barker Samson Agonistes W. P. Ker John Dryden T. S. Eliot Pope Lytton Strachey The Spectator Bonamy Dobrée Boswell's Life of Johnson George Gordon Wordsworth: The "Im mortal Ode" H. W. Garrod Scott E. M. Forster Lord Byron Lionel Johnson Shelley's View of Poetry A. C. Bradley Lamb's Essays E. V. Lucas Browning G. K. Chesterton Tennyson Lascelles Abercrombie Matthew Arnold Sir Walter Raleigh The Novels of Thomas Virginia Woolf Hardy R. L. Stevenson Desmond MacCarthy | ||
| 546 | _aEnglish | ||
| 650 | _aModern--Essays--Criticism | ||
| 700 | _aCairncross A.S. | ||
| 942 | _cBK | ||
| 999 |
_c25982 _d25981 |
||